Historia de la iglesia / José Uriel Patiño Franco (Registro nro. 42241)
[ vista simple ]
| 000 -LÍDER | |
|---|---|
| Campo fijo de descripción fija | 010290000a22002050004500 |
| 020 ## - NÚMERO INTERNACIONAL NORMALIZADO PARA LIBROS | |
| Número Internacional Normalizado del libro | 958-607-3 51-3\ 958-692-375-4\958-692-487-4 |
| 082 04 - NÚMERO DE CLASIFICACIÓN DECIMAL DEWEY | |
| Número de clasificación | G 270 P298h |
| 001 - NÚMERO DE CONTROL | |
| Campo de control | 13254 |
| 100 1# - ASIENTO PRINCIPAL--NOMBRE PERSONAL | |
| Nombre personal | Patiño Franco, José Uriel |
| 245 10 - TÍTULO | |
| Título del Material | Historia de la iglesia / José Uriel Patiño Franco |
| 250 ## - MENCIÓN DE EDICIÓN | |
| Mención de edición | 3 |
| 260 ## - PUBLICACIÓN, DISTRIBUCIÓN, ETC. (PIE DE IMPRENTA) | |
| Lugar de publicación, distribución, etc. | Bogotá, Col. : San Pablo |
| 300 ## - DESCRIPCIÓN FÍSICA | |
| Extensión | t.1 , 300 p. / t.2 , 393 p. / t.3 , 378 p. |
| 336 ## - CONTENT TYPE | |
| Content type term | texto |
| Content type code | txt |
| Source | rdacontent |
| 337 ## - MEDIA TYPE | |
| Source | rdamedia |
| Media type term | sin mediación |
| Media type code | n |
| 338 ## - CARRIER TYPE | |
| Source | rdacarrier |
| Carrier type term | volumen |
| Carrier type code | nc |
| 505 00 - NOTA DE CONTENIDO | |
| Nota de contenido con formato preestablecido | Tomo I: La iglesia, comunidad e institución: protagonistas de la historia, Siglos I-VII -- Tomo II: La iglesia en camino hacia la universalización: avatares de unas relaciones tormentosas - Siglos VIII-XV -- Tomo III: La barca de Pedro frente a las tempestades ideológicas: del enfrentamiento al diálogo Siglos XVI-XXI |
| 650 14 - ASIENTO SECUNDARIO DE MATERIA - TERMINO TEMÁTICO | |
| Término temático o nombre geográfico como elemento de entrada | IGLESIA - HISTORIA - SIGLO I-VII \ IGLESIA - HISTORIA - EDAD MEDIA, 600-1500 \ IGLESIA - HISTORIA - SIGLO XVI-XXI \ CRISTIANISMO - HISTORIA |
| 942 ## - TIPO DE MATERIAL (KOHA) | |
| Tipo de Item KOHA | Libros General |
| Estado de Material | Estado de Perdido | Estado de Dañado | No para Préstamo | Colección | Tomo | Biblioteca de Origen | Biblioteca Permanente | Fecha de Adquisición | Total de Préstamos | Total de Renovaciones | Signatura Topográfica | Código de Barras | Última vez visto | Última vez Préstado | Ejemplar/Existencia | Fecha de Remplazo | Tipo de Material |
|---|---|---|---|---|---|---|---|---|---|---|---|---|---|---|---|---|---|
| Colección General | 1 | Biblioteca FUSBC | Biblioteca FUSBC | 29/08/2012 | 4 | 2 | G 270 P298h | 17436 | 26/07/2025 | 06/05/2023 | 1 | 26/01/2016 | Libros General | ||||
| Colección General | 3 | Biblioteca FUSBC | Biblioteca FUSBC | 29/08/2012 | 1 | G 270 P298h | 17438 | 12/12/2019 | 08/08/2017 | 1 | 26/01/2016 | Libros General | |||||
| Colección General | 2 | Biblioteca FUSBC | Biblioteca FUSBC | 29/08/2012 | 3 | 1 | G 270 P298h | 17437 | 12/12/2019 | 26/10/2019 | 1 | 26/01/2016 | Libros General |
